00762nam a2200241 a 4500001001000000003000900010005001700019007000300036008004100039020001800080040002500098082001500123110008500138245009100223260003500314300004500349650000300394650000300397650000300400651000300403700003000406710008400436000000385DO-SdBNP20220607093307.0ta081126s2019 dr ac r 000 0 spa d a9789945220001 aDO-SdBNPbspacBNPHU axxxbR426p2 aRepública Dominicana.bInstituto Nacional de Aguas Potables y Alcantarillados 10aPlan de emergencia infraestructura APS del INAPA /cHoracio Mazara, director ejecutivo aSanto Domingo :bINAPA,c2019. a111 p. :bil., retrs., grafcs. ;c29 cm. 4 4   aMazara, Horacioedirector12aRepública Dominicana.bInstituto Nacional de Aguas Potables y Alcantarillados